000 00743nam a22001815i 4500
001 163488
003 ES-MaACL
005 20230906212741.0
008 000824s1898 it af |||| | ita d
040 _aCCPB | B
_bspa
_cCCPB | B
100 1 _aRicci, Serafino.
_996883
245 1 0 _aEpigrafia latina
_b: trattato elementaire con esercizi prattici e facsimili illustrativi /
_cSerafino Ricci.
260 _aMilano :
_bUlrico Hoepli,
_c1898 (
_fLombardi di M. Bellinzaghi)
300 _aXXXII, 447 p., 65 h. de grab. pleg. ;
_c15 cm.
650 4 _aEpigrafía latina.
_912335
752 _aItalia -
_dMilán
852 _aES-MaACL
_jD-3628
_z-- Enc. tela
_x-- Edic.: Son LXV h. dobles con texto e il. -- Precede al tit. la serie: Manuali Hoepli
999 _c163488
_d163488